Ground-water resources of Borden County, Texas, (Record no. 28440)

MARC details
000 -LEADER
fixed length control field 00911cam a22002531 4500
001 - CONTROL NUMBER
control field gs 50000060
003 - CONTROL NUMBER IDENTIFIER
control field DLC
005 - DATE AND TIME OF LATEST TRANSACTION
control field 20260227111356.0
008 - FIXED-LENGTH DATA ELEMENTS--GENERAL INFORMATION
fixed length control field 761113s1949 txu 000 0 eng
010 ## - LIBRARY OF CONGRESS CONTROL NUMBER
LC control number gs 50000060
035 ## - SYSTEM CONTROL NUMBER
System control number (OCoLC)2556773
040 ## - CATALOGING SOURCE
Original cataloging agency DLC
Transcribing agency Tx
Modifying agency OCoLC
-- DLC
042 ## - AUTHENTICATION CODE
Authentication code premarc
050 00 - LIBRARY OF CONGRESS CALL NUMBER
Classification number GB1025.T4
Item number A5 1949b
110 2# - MAIN ENTRY--CORPORATE NAME
Corporate name or jurisdiction name as entry element Texas Water Commission.
245 10 - TITLE STATEMENT
Title Ground-water resources of Borden County, Texas,
Statement of responsibility, etc. by W. C. Ellis. Prepared in cooperation between the Geological Survey, United States Dept. of the Interior, and the Texas State Board of Water Engineers.
260 ## - PUBLICATION, DISTRIBUTION, ETC.
Place of publication, distribution, etc. [Austin?]
Date of publication, distribution, etc. 1949
300 ## - PHYSICAL DESCRIPTION
Extent 26 l.
Other physical details maps.
Dimensions 28 cm.
500 ## - GENERAL NOTE
General note Cover title.
500 ## - GENERAL NOTE
General note U.S. Geological survey. Library, for Library of Congress.
650 #0 - SUBJECT ADDED ENTRY--TOPICAL TERM
Topical term or geographic name entry element Groundwater
Geographic subdivision Texas
-- Borden County.
650 #0 - SUBJECT ADDED ENTRY--TOPICAL TERM
Topical term or geographic name entry element Water-supply
Geographic subdivision Texas
-- Borden County.
700 1# - ADDED ENTRY--PERSONAL NAME
Personal name Ellis, William C.,
Dates associated with a name 1925-

No items available.

Powered by Koha